000 01126cam a2200361L 4500
001 99802
005 20230410143121.0
008 091205s2003 nyu 000 u eng d
035 _a(OCoLC)ocn473630908
040 _aDKDLA
_bdan
_cDKDLA
020 _a0060185104 (alk. paper)
020 _a9780060185107 (alk. paper)
029 0 _aDKDLA
_b29825148
029 1 _aDKDLA
_b29760322
029 1 _aDKDLA
_b29992902
035 _a(OCoLC)473630908
043 _an-us---
050 1 4 _abC712a 2003
100 _aCollins, Gail.
084 _a305.40973
_2z
049 _aGRAL
245 0 0 _aAmerica's women :
_bfour hundred years of dolls, drudges, helpmates, and heroines /
_cGail Collins.
250 _a1. ed.
260 _aNew York :
_bWilliam Morrow,
_cc2003.
300 _axvii, 556 s. ;
_c23 cm.
504 _aIncludes bibliographical references (p. [511]-540) and index.
650 4 _aWomen
_zUnited States
_xHistory.
700 1 _aCollins, Gail.
856 _3Publisher description
_uhttp://catdir.loc.gov/catdir/description/hc042/2003051011.html
942 _2lcc
_cbk
946 _aMAT
994 _aC0
_bDRFGD
999 _c96026
_d96026